Potenciální produkt a mezera výstupu v období ekonomických krizí

Gespeichert in:
Bibliographische Detailangaben
1. Verfasser: Čížků, Andrea
Format: Buchkapitel
Sprache:Tschechisch
Schlagworte:
Tags: Tag hinzufügen
Keine Tags, Fügen Sie das erste Tag hinzu!

MARC

LEADER 00000naa a2200000 4500
001 0295678
005 20230807105752.0
041 0 |a cze 
044 |a CZ 
245 1 0 |a Potenciální produkt a mezera výstupu v období ekonomických krizí  |c Andrea Čížků 
610 2 0 |a kríza hospodárska 
610 2 0 |a produkty 
610 2 0 |a výstupy 
610 2 0 |a modely ekonomické 
610 2 0 |a odhady 
610 2 0 |a recesia 
610 2 0 |a Česko 
100 1 |a Čížků, Andrea